000 00479nam a2200181Ia 4500
001 3422
005 20260306145642.0
008 260306t2009||||xx |||||||||||||| ||spa||
041 _aESP
082 _a276
_bF331
100 _aFebres, Laura
_eAUT
245 0 _aLa religiosidad de los siglos XVIII y XIX:
_ben el marco del bicentenario de la independencia
260 _c2009
300 _a401 páginas :
_c21 cm.
650 _aGEN
654 _aCHU
942 _cLIB
_dJUS
_fJUS
_2ddc
_n
999 _c3422
_d3422